Dawne flagi współczesnych państw - Statystyki

Ogólne statystyki
  • Ten quiz został rozwiązany 60 razy
  • Średni wynik to 5 z 12
Statystyki odpowiedzi
Obrazkowy Odpowiedź % Poprawnych
Argentyna
78%
Mauretania
73%
Irak
51%
Ukraina
46%
Zimbabwe
44%
Mongolia
41%
Afganistan
39%
Bahamy
34%
Laos
34%
Sudan
29%
Benin
24%
Bośnia i Hercegowina
12%
Nie znaleziono quizów pasujących do podanych kryteriów
Rozkład punktacji
Procent ludzi z każdym wynikiem
Percentyl według liczby udzielonych odpowiedzi
Twoja historia wyników
Nie rozwiązałeś tego quizu